000 00363nam a2200145Ia 4500
008 210210b1973 xxu||||| |||| 00| 0 eng d
020 _a0 13 925776 4
082 _a301 LEET
100 _aLEE (Alfred McClung).
245 _aToward humanist sociology.
260 _aNew Jersey
_bPrentice Hall
_c1973
300 _axv,224
690 _aSociology
906 _a041008
999 _c90891
_d90891